• 首页
  • 本馆介绍
  • 公告通知
  • 最新文献
  • 馆藏检索
  • 电子资源
  • 读者导购
  • 参考咨询
  • 我的图书馆
  • 登录
  • 详细信息显示
  • 放入我的书架
  • 预约/预借图书
  • 作者相关作品
  • 分类相关作品
  • 丛书相关作品
  • 出版社相关作品

书目信息

  • 表格格式
  • 工作单格式
  • 卡片格式
题名:
山区高速公路生态恢复理论与实践
    
 
作者: 张卫平 , 董建辉 编著
分册:  
出版信息: 北京   人民交通出版社  2006
页数: 385页
开本: 23cm
丛书名:
单 册:
中图分类: X321.241 , U418.9
科图分类:
主题词: 山区--高速公路--影响--生态系统--研究--陕西省 , 山区 , 高速公路 , 生态系统
电子资源:
ISBN: 7-114-06055-6
000 01112nam0 2200301 450
001 003264795
005 20070807164759.51
010    @a7-114-06055-6@dCNY58.00
035    @a003264795
100    @a20060104d2006 em y0chiy0110 ea
101 0  @achi
102    @aCN@b110000
105    @aa z 000yy
106    @ar
200 1  @a山区高速公路生态恢复理论与实践@Ashan qu gao su gong lu sheng tai hui fu li lun yu shi jian@f张卫平,董建辉编著@Fzhang wei ping, dong jian hui bian zhu
210    @a北京@c人民交通出版社@d2006
215    @a385页@c图@d23cm
330    @a本书以陕西省公路局勉县至宁强高速公路“山区高速公路生态恢复的系统研究”课题为依托,分理论、实践和技术三篇,系统阐述了生态系统的基本概念和功能特点,公路建设对生态系统的影响,生态系统的恢复与重建原理等。
606 0  @a山区@x高速公路@x影响@x生态系统@x研究@y陕西省
606 0  @a山区
606 0  @a高速公路
606 0  @a生态系统
690    @aX321.241@v4
690    @aU418.9@v4
701  0 @a张卫平@Azhang wei ping@c(工程师)@4编著
701  0 @a董建辉@Adong jian hui@c(教授)@4编著
801  0 @aCN@bNLC@c20070807
905    @dX321.241@e138@f1
    
    山区高速公路生态恢复理论与实践/张卫平,董建辉编著.-北京:人民交通出版社,2006
    385页:图;23cm
    
    
    ISBN 7-114-06055-6:CNY58.00
    本书以陕西省公路局勉县至宁强高速公路“山区高速公路生态恢复的系统研究”课题为依托,分理论、实践和技术三篇,系统阐述了生态系统的基本概念和功能特点,公路建设对生态系统的影响,生态系统的恢复与重建原理等。
●
相关链接 在E读中查询图书 在五车中查询图书 在当当中查询图书 在豆瓣中查询图书


正题名:山区高速公路生态恢复理论与实践     索取号:X321.241/138         预约/预借

序号 登录号 条形码 馆藏地/架位号 状态 备注
1 0853040   208530400   第二样本阅览室/ [索取号:X321.241/138] 在馆    
唐山师范学院图书馆 欢迎您!
大连网信软件有限公司© 版权所有